000
00314nam a2200121Ia 4500
008
220204s9999 xx 000 0 und d
082
_a
658.386(035)
_b
CRA
100
_a
Craig, Robert L
245
0
_a
Training and development handbook
250
_a
Ed.2 and 3
260
_a
New York
_b
McGraw Hill
_c
1976
942
_c
BK
999
_c
39688
_d
39688